[Event "Windsor NAYCC U14 Girls"]
[Site "Windsor"]
[Date "2016.08.10"]
[Round "6.51"]
[White "Li, Marissa"]
[Black "Zhou, Annika"]
[Result "1-0"]
[WhiteElo "1802"]
[BlackElo "1443"]
[PlyCount "133"]
[EventDate "2016.08.07"]
[EventType "swiss"]
[EventRounds "9"]
[EventCountry "CAN"]
[SourceTitle "EXT 2022"]
[Source "ChessBase"]
[SourceDate "2021.10.06"]
[SourceVersion "1"]
[SourceVersionDate "2021.10.06"]
[SourceQuality "1"]

1. d4 Nf6 2. c4 Nc6 3. Nf3 e6 4. Nc3 Bb4 5. e3 0-0 6. Bd3 Ne7 7. 0-0 d5 8. Qc2 b6 9. cxd5 exd5 10. Bd2 Ng6 11. Nb5 Bd6 12. Rfc1 Bg4 13. Ne1 Re8 14. f3 Bd7 15. e4 dxe4 16. fxe4 Bxb5 17. Bxb5 Rxe4 18. Bc6 Rxd4 19. Nf3 Rxd2 20. Qxd2 Bf4 21. Qxd8+ Rxd8 22. Rd1 Bd6 23. Rd2 Bc5+ 24. Kf1 Rxd2 25. Nxd2 Ng4 26. h3 Ne3+ 27. Ke2 Nf4+ 28. Kf3 Nd3 29. Bb5 Ne5+ 30. Kg3 f6 31. Nb3 Bd6 32. Kf2 N3c4 33. Ke2 c6 34. Bxc4+ Nxc4 35. Rc1 Ne5 36. Nd4 Bc5 37. Nf3 Nxf3 38. Kxf3 Kf7 39. b4 Bxb4 40. Rxc6 Kg6 41. Ke4 Bc5 42. Kd5 Be3 43. Kc4 a5 44. Kb5 Kf5 45. a4 Ke5 46. Rc7 g5 47. Rxh7 Bc5 48. Rh8 Kf4 49. g4 Kg3 50. Kc4 Bb4 51. Kd5 Bc5 52. Ke4 Bb4 53. Rh7 Ba3 54. Kf5 Bb2 55. Rh8 Bd4 56. Rd8 Bb2 57. Rd3+ Kh4 58. Rb3 Bd4 59. Ke4 Bf2 60. Kf3 Bg3 61. Kg2 Bc7 62. Rc3 Be5 63. Rc6 Bd4 64. Rd6 Be5 65. Rxb6 Bc3 66. Rb7 f5 67. Rh7# 1-0

[Event "Canadian op U2000"]
[Site "Windsor"]
[Date "2016.07.14"]
[Round "5.41"]
[White "Clarke, Brian"]
[Black "Zhou, Annika"]
[Result "1-0"]
[WhiteElo "1695"]
[BlackElo "1533"]
[PlyCount "117"]
[EventDate "2016.07.10"]
[EventType "swiss"]
[EventRounds "9"]
[EventCountry "CAN"]
[SourceTitle "EXT 2022"]
[Source "ChessBase"]
[SourceDate "2021.10.06"]
[SourceVersion "1"]
[SourceVersionDate "2021.10.06"]
[SourceQuality "1"]

1. d4 Nf6 2. Nf3 d5 3. Bf4 e6 4. e3 c5 5. c3 Nc6 6. Bd3 Bd6 7. Bg5 h6 8. Bh4 c4 9. Bc2 0-0 10. Nbd2 e5 11. dxe5 Nxe5 12. h3 Re8 13. 0-0 b5 14. Nd4 a6 15. N2f3 Bd7 16. Nf5 Bxf5 17. Bxf5 Rb8 18. Nd4 Rb6 19. a3 Be7 20. Bc2 Ne4 21. Bxe7 Rxe7 22. Qh5 Rf6 23. Rad1 Qf8 24. Nf5 Rd7 25. Nxh6+ Rxh6 26. Qxe5 Re6 27. Qf5 Nf6 28. Rd4 g6 29. Qf3 Rde7 30. Rfd1 Qg7 31. b3 Re8 32. bxc4 bxc4 33. Rb1 Qf8 34. Ba4 Rc8 35. Rh4 g5 36. Qg3 Qg7 37. Rd4 Ne4 38. Qg4 Nf6 39. Qd1 Qf8 40. Rb4 a5 41. Rb5 Qxa3 42. Qc2 Ra8 43. Rd1 Re5 44. Rb6 Kg7 45. Bc6 Rc8 46. Bb7 Rc7 47. Kh1 Ne4 48. Rxd5 Rxd5 49. Bxd5 Nxc3 50. Qf5 Qe7 51. Bxf7 Qxf7 52. Qxg5+ Kf8 53. Rb8+ Qe8 54. Qf6+ Rf7 55. Qh8+ Ke7 56. Qxe8+ Kf6 57. Qh8+ Ke6 58. Rb6+ Kd5 59. Qd4# 1-0

[Event "CAN-ch U14 Girls"]
[Site "Windsor"]
[Date "2016.07.07"]
[Round "5.45"]
[White "Kaneshalingam, Mathanhe"]
[Black "Zhou, Annika"]
[Result "1-0"]
[WhiteElo "1739"]
[BlackElo "1536"]
[PlyCount "119"]
[EventDate "2016.07.05"]
[EventType "swiss"]
[EventRounds "7"]
[EventCountry "CAN"]
[SourceTitle "EXT 2022"]
[Source "ChessBase"]
[SourceDate "2021.10.06"]
[SourceVersion "1"]
[SourceVersionDate "2021.10.06"]
[SourceQuality "1"]

1. e4 c5 2. Nc3 e6 3. f4 d5 4. Bb5+ Nc6 5. Nf3 a6 6. Bxc6+ bxc6 7. d3 Nf6 8. 0-0 Be7 9. Ne5 Bb7 10. Ng4 d4 11. Nxf6+ Bxf6 12. Ne2 e5 13. Ng3 Bc8 14. fxe5 Bxe5 15. Qh5 Qc7 16. Qh4 Be6 17. Nh5 Qe7 18. Qxe7+ Kxe7 19. Bf4 Bxf4 20. Nxf4 Rab8 21. Nxe6 fxe6 22. b3 Rhf8 23. Rxf8 Rxf8 24. Rf1 Rf6 25. Rf3 Rh6 26. Rg3 Kf6 27. h3 Rg6 28. Rxg6+ Kxg6 29. Kf2 Kf6 30. Kg3 e5 31. Kf3 h6 32. Kg4 Kg6 33. h4 h5+ 34. Kf3 Kf7 35. Ke2 Ke6 36. Kd2 Kd6 37. Kc1 Kc7 38. Kb2 Kb6 39. Ka3 Kb5 40. Kb2 Kb4 41. a3+ Ka5 42. c3 Kb6 43. cxd4 cxd4 44. b4 Kc7 45. Kb3 Kd7 46. Kc4 Kd6 47. a4 Ke6 48. Kc5 Kf6 49. Kxc6 g5 50. g3 g4 51. Kb6 Ke6 52. Kxa6 Kd6 53. Kb7 Kd7 54. a5 Kd6 55. a6 Kd7 56. a7 Kd6 57. a8Q Kd7 58. Qc8+ Kd6 59. Qd8+ Ke6 60. Qd5+ 1-0

[Event "CAN-ch U14 Girls"]
[Site "Windsor"]
[Date "2015.07.07"]
[Round "3.47"]
[White "Zhou, Annika"]
[Black "Gillan, Rahma"]
[Result "1/2-1/2"]
[WhiteElo "1583"]
[BlackElo "1426"]
[PlyCount "58"]
[EventDate "2015.07.06"]
[EventType "swiss"]
[EventRounds "7"]
[EventCountry "CAN"]
[SourceTitle "EXT 2022"]
[Source "ChessBase"]
[SourceDate "2021.10.06"]
[SourceVersion "1"]
[SourceVersionDate "2021.10.06"]
[SourceQuality "1"]

1. e4 e5 2. Nf3 Nc6 3. Bb5 d6 4. c3 Nf6 5. d3 Be7 6. h3 0-0 7. 0-0 Bd7 8. Ba4 Re8 9. Re1 a6 10. Bc2 h6 11. Nbd2 Bf8 12. d4 exd4 13. Nxd4 Ne5 14. N2f3 Ng6 15. Bd2 c5 16. Nf5 Bc6 17. Ng3 Qc7 18. c4 b5 19. b3 Rab8 20. Rb1 Qb7 21. Qe2 d5 22. cxd5 Bxd5 23. Nh2 Bd6 24. Nhf1 Bc7 25. Bc3 Nd7 26. Qd3 Bc6 27. Qd2 Rbd8 28. Qc1 Bf4 29. Qb2 Be5 1/2-1/2

[Event "CAN-ch U12 Girls"]
[Site "Ottawa"]
[Date "2013.07.10"]
[Round "2"]
[White "Zhou, Annika"]
[Black "Zhu, Jiarong"]
[Result "1/2-1/2"]
[WhiteElo "1045"]
[BlackElo "1217"]
[PlyCount "174"]
[EventDate "2013.07.10"]
[EventType "swiss"]
[EventRounds "6"]
[EventCountry "CAN"]
[SourceTitle "EXT 2022"]
[Source "ChessBase"]
[SourceDate "2021.10.06"]
[SourceVersion "1"]
[SourceVersionDate "2021.10.06"]
[SourceQuality "1"]

1. e4 c5 2. Nf3 e6 3. d4 cxd4 4. Nxd4 Nf6 5. Nc3 Bb4 6. Bd3 Nc6 7. Nxc6 bxc6 8. Bd2 h6 9. 0-0 Qc7 10. f4 e5 11. a3 Bc5+ 12. Kh1 a5 13. Qf3 0-0 14. Ne2 d5 15. fxe5 Qxe5 16. exd5 Bg4 17. Qg3 Qxg3 18. Nxg3 cxd5 19. h3 Be6 20. Rae1 Rab8 21. Bxa5 Rxb2 22. Bc3 Rb6 23. Bxf6 gxf6 24. Rxf6 Bd7 25. Rxb6 Bxb6 26. Nh5 Be6 27. a4 Ra8 28. Bb5 Bf5 29. Re5 Bxc2 30. Nf6+ Kg7 31. Nxd5 Bd4 32. Re8 Rxe8 33. Bxe8 f5 34. a5 Bd3 35. Kh2 Bc4 36. Bc6 Kf7 37. Kg3 Kg6 38. Bb7 Bxd5 39. Bxd5 Kg5 40. h4+ Kf6 41. Kf3 Ke5 42. Bb7 Ba7 43. a6 Bc5 44. g4 fxg4+ 45. Kxg4 Kf6 46. Kf4 Kg6 47. Bf3 Ba7 48. Ke5 Bf2 49. Ke6 h5 50. Be4+ Kg7 51. Kf5 Kh6 52. Bf3 Bc5 53. Bd5 Bf2 54. Bf7 Bd4 55. Ke6 Bf2 56. Kd7 Bd4 57. Kc6 Bf2 58. Kb7 Kg7 59. Bxh5 Kf6 60. Be2 Kf5 61. Kc6 Ke6 62. h5 Kf7 63. Kd7 Bc5 64. Bd3 Kg7 65. Ke6 Kh6 66. Be2 Be3 67. Kf7 Bc5 68. Ke6 Be3 69. Kd7 Bd4 70. Kc6 Be3 71. Kb7 Bd4 72. Bg4 Be3 73. Kc8 Bd4 74. Kd7 Bf2 75. Ke6 Bb6 76. Kf7 Be3 77. Ke6 Bd4 78. Kd5 Bf2 79. Ke4 Bb6 80. Be2 Ba7 81. Kf5 Bg1 82. Kg4 Bf2 83. Bb5 Bg1 84. Be8 Bb6 85. Bc6 Be3 86. Bf3 Bc5 87. Kf5 Bb6 1/2-1/2

[Event "CAN-ch U10 Girls"]
[Site "Vancouver"]
[Date "2012.07.05"]
[Round "6"]
[White "Botez, Andrea"]
[Black "Zhou, Annika"]
[Result "1-0"]
[WhiteElo "1034"]
[BlackElo "1003"]
[PlyCount "107"]
[EventDate "2012.07.03"]
[EventType "swiss"]
[EventRounds "7"]
[EventCountry "CAN"]
[SourceTitle "EXT 2022"]
[Source "ChessBase"]
[SourceDate "2021.10.06"]
[SourceVersion "1"]
[SourceVersionDate "2021.10.06"]
[SourceQuality "1"]

1. Nf3 d5 2. d4 Nc6 3. e3 Bg4 4. h3 Bh5 5. c4 e6 6. Nc3 Nf6 7. c5 Ne4 8. Be2 Be7 9. 0-0 0-0 10. Nd2 Bxe2 11. Qxe2 f5 12. Ndxe4 fxe4 13. a3 e5 14. dxe5 Nxe5 15. b4 Nd3 16. Qa2 c6 17. Nxe4 Kh8 18. Nd2 Bf6 19. Rb1 d4 20. Nf3 dxe3 21. Bxe3 Ne5 22. Nxe5 Bxe5 23. Rbd1 Qe7 24. Rfe1 Rad8 25. Bd4 Rd5 26. Qe2 Re8 27. Bxe5 Kg8 28. Rxd5 cxd5 29. Qd3 Qf7 30. Bc3 Rxe1+ 31. Bxe1 Qe6 32. Qe3 Qxe3 33. fxe3 Kf7 34. Bc3 g6 35. Kf2 Ke6 36. Kf3 Kf5 37. g4+ Ke6 38. Kf4 a6 39. e4 dxe4 40. Kxe4 Kd7 41. Kd5 Kc7 42. Be5+ Kd7 43. a4 h6 44. h4 h5 45. g5 Kc8 46. b5 Kd7 47. bxa6 bxa6 48. c6+ Kd8 49. Kd6 Kc8 50. c7 a5 51. Bf6 Kb7 52. Kd7 Ka7 53. Bd4+ Ka6 54. c8Q# 1-0